000 00869cam a2200337 4500500
005 20260405003621.0
041 _afre
042 _adc
100 1 0 _aDuru, Martin
_eauthor
245 0 0 _aPythagore. Un sacré numéro
260 _c2022.
500 _a15
690 _aAntiquité
690 _aCosmos
690 _aÉsotérisme
690 _aGéométrie
690 _aGrèce
690 _aHarmonie
690 _aMathématiques
690 _aMusique
690 _aNombre
690 _aPlaton
690 _aPythagore
690 _aRationalisme
690 _aSecret
690 _aSecte
690 _aVéganisme
690 _aVégétarisme
786 0 _nPhilosophie magazine | 165 | 12 | 2022-12-01 | p. 16-19 | 1951-1787
856 4 1 _uhttps://shs.cairn.info/magazine-philosophie-magazine-2022-12-page-16?lang=fr&redirect-ssocas=7080
999 _c2069308
_d2069308